000 01409 a2200253 4500
001 101
005 20260407155410.0
008 260407a2004 arg spa d
003 AR-UNSa-BCEJYS
040 _aAR-UNSa-BCEJYS
_bspa
_cAR-UNSa-BCEJYS
080 _a519.87
_xModelos matemáticos para la investigación operativa
245 1 0 _aMétodos cuantitativos para los negocios
020 _a978-970-686-372-0
250 _a9a. ed
264 1 _aMéxico :
_bThomson
_c2004
300 _axvi, 822 p.
_c26 cm
505 _a1. Introducción - 2. Introducción a la probabilidad - 3. Distribuciones de probabilidad - 4. Análisis de decisiones - 5. Utilidad y toma de decisiones - 6.Pronósticos - 7. Programación lineal - 8. Programación lineal: Análisis de sensibilidad e interpretación de la solución - 9. Aplicaciones de programación lineal - 10. Transporte, asignación y problemas de transbordo - 11. Programación lineal entera - 12. Programación de proyectos: PERT/CPM - 13. Modelos de inventario - 14. Modelos de línea de espera - 15. Simulación - 16. Procesos de Markov - 17. Decisiones multicriterios
942 _cBK
590 _aniveau_biblio:m niveau_hierar:0
100 1 _aAnderson, David R.
700 1 _aSweeney, Dannis J.
700 1 _aWilliams, Thomas A.
856 4 1 _uhttps://biblioeco.unsa.edu.ar/pmb/images/libros/Metodos cuantitativos2-l116891.jpg
_yImagen de portada
_qimage/jpeg
999 _c76
_d76